000 00751nam a2200205Ii 4500
003 JO-AjNU
008 230605s9999||||xx |||||||||||||| ||und||
040 _aJO-AjNU
_bara
_erda
_cJO-AjNU
041 _aara
050 1 4 _aK1420.5.K3.1987
100 3 _a كنعان، نواف ,
_eauthor
_947020
245 0 0 _aحق المؤلف النماذج المعاصرة لحق المؤلف ووسائل حمايته
250 _aط1
264 3 1 _aعمان : دار الثقافة ، 1987
300 _a453ص
336 _atext
_btxt
_2rdacontent
337 _aunmediated
_bn
_2rdamedia
338 _avolume
_bnc
_2rdacarrier
650 4 _aحقوق المؤلفين -- حقوق النشر -- الملكية الفكرية -- القانون الخاص
_947021
999 _aA20497
_c24065
_d24065